Real and stochastic analysis : (Record no. 3933)

MARC details
000 -LEADER
fixed length control field 01066cam a2200277 a 4500
001 - CONTROL NUMBER
control field 4487270
003 - CONTROL NUMBER IDENTIFIER
control field OSt
005 - DATE AND TIME OF LATEST TRANSACTION
control field 20210915085506.0
008 - FIXED-LENGTH DATA ELEMENTS--GENERAL INFORMATION
fixed length control field 970117s1997 flua b 001 0 eng
010 ## - LIBRARY OF CONGRESS CONTROL NUMBER
LC control number 97000143
020 ## - INTERNATIONAL STANDARD BOOK NUMBER
International Standard Book Number 0849380782 (alk. paper)
040 ## - CATALOGING SOURCE
Original cataloging agency DDC
Transcribing agency HU
Modifying agency DLC
050 00 - LIBRARY OF CONGRESS CALL NUMBER
Classification number QA274.2
Item number .R423 1997
082 00 - DEWEY DECIMAL CLASSIFICATION NUMBER
Classification number 519.2/REA
Edition number 21
245 00 - TITLE STATEMENT
Title Real and stochastic analysis :
Remainder of title recent advances /
Statement of responsibility, etc. edited by M.M. Rao.
260 ## - PUBLICATION, DISTRIBUTION, ETC.
Place of publication, distribution, etc. Boca Raton :
Name of publisher, distributor, etc. CRC Press,
Date of publication, distribution, etc. c1997.
300 ## - PHYSICAL DESCRIPTION
Extent 393 p. :
Other physical details ill. ;
Dimensions 25 cm.
440 #0 - SERIES STATEMENT/ADDED ENTRY--TITLE
Title Probability and stochastics series
9 (RLIN) 3588
504 ## - BIBLIOGRAPHY, ETC. NOTE
Bibliography, etc. note Includes bibliographical references and index.
650 #0 - SUBJECT ADDED ENTRY--TOPICAL TERM
Topical term or geographic name entry element Stochastic analysis.
9 (RLIN) 3707
700 1# - ADDED ENTRY--PERSONAL NAME
Personal name Rao, M. M.
Fuller form of name (Malempati Madhusudana),
Dates associated with a name 1929-
9 (RLIN) 3708
856 42 - ELECTRONIC LOCATION AND ACCESS
Materials specified Publisher description
Uniform Resource Identifier <a href="http://www.loc.gov/catdir/enhancements/fy0744/97000143-d.html">http://www.loc.gov/catdir/enhancements/fy0744/97000143-d.html</a>
906 ## - LOCAL DATA ELEMENT F, LDF (RLIN)
a 7
b cbc
c orignew
d 1
e ocip
f 19
g y-gencatlg
942 ## - ADDED ENTRY ELEMENTS (KOHA)
Source of classification or shelving scheme Dewey Decimal Classification
Koha item type Books like text book referance book
Suppress in OPAC No
Holdings
Withdrawn status Lost status Source of classification or shelving scheme Damaged status Not for loan Home library Current library Shelving location Date acquired Total Checkouts Full call number Barcode Date last seen Copy number Price effective from Koha item type
    Dewey Decimal Classification     Natural & Computational Science Library Natural & Computational Science Library General Stacks 09/15/2021   519.2/REA NSCLIB00002219 09/15/2021 1 09/15/2021 Books like text book referance book
    Dewey Decimal Classification     Natural & Computational Science Library Natural & Computational Science Library General Stacks 09/15/2021   519.2/REA NSCLIB00002220 09/15/2021 2 09/15/2021 Books like text book referance book